000 01328nam0a22003011 4500
001 v19\rc\1695393
005 20260405181605.0
035 _a(NLR Aleph) 005244828
090 _a5742666
_c5742666
100 _a20061002e18971897|||y0rusy50 ca
101 0 _arus
102 _aRU
105 _ay z |||||
200 1 _aTelenomus Sokolowi Mayr
_eЕго описание, образ жизни и значение в сел. хоз-ве
_e(С прил. описания, сдел. проф. G. Mayr'ом)
_fН. Соколов
210 _aСанкт-Петербург
_cтип. Имп. Акад. наук
_d1897
215 _a14, 2 с.
_d25
300 _aРез. на нем. яз.
311 _aTiré des "Horae Socictatis entomologicae Rossicae", t. 300, Janvier, 1897, с. 442-456
488 0 _12001#$aHorae Socictatis entomologicae Rossicae$v1897, Janvier, t. 300
_1215##$aС. 442-456
_tHorae Socictatis entomologicae Rossicae
700 1 _8rus
_7ca
_aСоколов
_bН. Н.
_cэнтомолог
_f1866-
_gНиколай Николаевич
_3RU\NLR\AUTH\7778428
_961356
702 1 _aMayr
_bG.
_4570
801 0 _aRU
_bNLR
_c20061002
_gpsbo
801 0 _aRU
_bRuMoRGB
_c20061002
_2psbo
801 1 _aRU
_bProSoft-M
_c20061002
_2rusmarc
801 2 _aRU
_bNLR
_c20090629
_2rusmarc
852 _aNLR
_j18.158.2.59
942 _cBOOK
980 _aNB